000 00493nam a2200193 i 4500
001 bgj
100 1 _aJAMES, P. D.
245 1 0 _aCover her face /
_cP. D. James.
260 _aLondon :
_bSphere Books Ltd.,
_c1981.
300 _a206, [1] pp ;
_c18 cm.
650 9 _aPolice
_xFiction
_zEngland
650 9 _aDetective and mystery stories
020 _a0722150865
040 _cBPK
041 0 _aeng
920 _a0-7221-5086-5
942 _cKS
008 s uk f |000 0 eng
999 _c48690
_d48690
856 _uhttp://koha.tu.koszalin.pl/cgi-bin/koha/opac-detail.pl?biblionumber=48690
_yKatalog online BPK